Statistics for Pink Floyd Album Quiz

Click here to take the quiz!

General Stats

  • This quiz has been taken 601 times
  • The average score is 8 of 11

Answer Stats

Song Album % Correct
The Great Gig In The SkyDark Side Of The Moon
98%
MotherThe Wall
97%
Have A CigarWish You Were Here
95%
DogsAnimals
95%
San TropezMeddle
81%
High HopesThe Division Bell
78%
IfAtom Heart Mother
76%
Learning To FlyA Momentary Lapse Of Reason
65%
See-SawA Saucerful Of Secrets
61%
Free FourObscured By Clouds
58%
Julia DreamRelics
39%

Score Distribution

Percentile by Number Answered

Percent of People with Each Score

Your Score History

You have not taken this quiz